000 00367nam a2200145Ia 4500
003 LK-CoDNM
008 010623t1931 xxu||||| |||| 00| 1 eng d
040 _aLK-CoDNM
_dLK-CoDNM
_eLK-CoDNM
041 _aeng
080 _a24 J 18
245 _aThe Reader's Guides : History Biography
260 _bB.H.Blackwell
_aOxford
_c1931
300 _b88p., 21 cm
942 _cBK
999 _c95754
_d95754